000 00365nam a2200145Ia 4500
008 230917s9999||||xx |||||||||||||| ||und||
040 _e123394
_aMAIN
041 _aEnglish
082 _a657.95 G959C
100 _aGupta, Nirmal
245 0 _aCorporate accounting: Theory and practice
260 _aNew Delhi
_bAne Books
_c2008
300 _a701 p.
942 _cBK
999 _c147553
_d147553